Fuel allowances.

Bibliographic Details
Corporate Author: United States. Navy Department
Format: Government Document eBook
Language:English
Published: Washington : U.S. GPO, 1916.
Series:Navy Dept. Gen. Order 5th Series No. 208
Subjects:
Online Access:Connect to the full text of this electronic document

MARC

Tag First Indicator Second Indicator Subfields
LEADER 00000cam a22000001a 4500
001 in00003763321
005 20190408185448.0
006 m o d f
007 cr bn mmmapmmp
008 040322s1916 dcu o f000 0 eng d
035 |a ebd1910600721 
040 |a UMI  |c UMI  |d UtOrBLW 
086 0 |a N 1.13/5:208 
099 |a N1.13-5.208 
245 0 0 |a Fuel allowances. 
264 1 |a Washington :  |b U.S. GPO,  |c 1916. 
300 |a 1 online resource (5 pages) 
336 |a text  |b txt  |2 rdacontent 
337 |a computer  |b c  |2 rdamedia 
338 |a online resource  |b cr  |2 rdacarrier 
490 0 |a Navy Dept. Gen. Order 5th Series No. 208 
500 |a [for Navy officers, with data by type]. 
500 |a Record is based on bibliographic data in ProQuest U.S. Executive Branch Documents, 1910-1932. Reuse except for individual research requires license from ProQuest, LLC. 
533 |a Electronic reproduction.  |b [Bethesda, Md.] :  |c ProQuest,  |d 2012.  |e digital, PDF file.  |n ProQuest U.S. Executive Branch Documents, 1910-1932.  |n Mode of access: World Wide Web via ProQuest website. 
538 |a System requirements: PDF reader software. 
500 |a Electronic resource. 
650 0 |a Coal mines and mining.  |0 http://id.loc.gov/authorities/subjects/sh85027364 
650 0 |a Fuelwood.  |0 http://id.loc.gov/authorities/subjects/sh85052228 
650 0 |a Navies  |x Officers.  |0 http://id.loc.gov/authorities/subjects/sh85090423 
655 7 |a Electronic books.  |2 local 
710 1 |a United States.  |b Navy Department.  |0 http://id.loc.gov/authorities/names/n79083946 
776 1 8 |i Microfiche version:  |t Fuel allowances  |o CIS US Exec MF N1.13-5.208  |w (ProQuest)cis19160686 
856 4 0 |u http://proxy.library.tamu.edu/login?url=http://congressional.proquest.com/congressional/docview/t66.d71.n1.13-5.208  |z Connect to the full text of this electronic document  |t 0 
999 f f |s d328d0bc-d0fa-3bd1-a2d4-c47a4d58f273  |i 77175bb2-19c8-374d-8891-94af5c4f9699  |t 0 
952 f f |a Texas A&M University  |b College Station  |c Electronic Resources  |d Available Online  |t 0  |h No information provided 
998 f f |t 0  |l Available Online